000 00402nam a2200157Ia 4500
008 230917s9999||||xx |||||||||||||| ||und||
040 _e27649
_aMAIN
041 _aEnglish
082 _a658.3 S14E
100 _aSubha Rao, P
245 0 _aEssentials of human resource management and industrial relations
250 _aIst ed.
260 _aMumbai
_bHimalaya
_c1996
300 _a495 p.
942 _cBK
999 _c98803
_d98803